| 000 | 00587nam a2200193 i 4500 | ||
|---|---|---|---|
| 001 | 39297 | ||
| 003 | ES-MaACL | ||
| 005 | 20250607063017.0 | ||
| 007 | t| | ||
| 008 | 030227s1970 sp ||||1| baq d | ||
| 080 | _a821.133.1-31"19" | ||
| 100 | 1 |
_aCamus, Albert, _d1913-1960 _9240798 |
|
| 245 | 1 | 0 |
_aArrotza _b: (L'etranger) / _cAlbert Camus ; euskeratzaile, J. M. Agirre. |
| 260 |
_a[San Sebastián : _bHerri-Gogoa, _c1970] ( _fIzarra) |
||
| 300 |
_a110 p. ; _c18 cm. |
||
| 700 | 0 |
_aAguirre, J. M. _918820 |
|
| 852 |
_aES-MaACL _jC-52731 _bR.76797 |
||
| 999 |
_c39297 _d39297 |
||